The Japanese business success factors : How top management, product, money and people's creativity contribute to Japanese enterprise growth

Bewaard in:
Bibliografische gegevens
Hoofdauteur: Shimizu, Ryuei
Formaat: Boek
Taal:Undetermined
Gepubliceerd in: Tokyo Chikura Shobo 1989
Onderwerpen:
Tags: Voeg label toe
Geen labels, Wees de eerste die dit record labelt!
Thư viện lưu trữ: Trung tâm Học liệu Trường Đại học Cần Thơ
LEADER 00624nam a2200205Ia 4500
001 CTU_87825
008 210402s9999 xx 000 0 und d
082 |a 658 
082 |b S556 
100 |a Shimizu, Ryuei 
245 4 |a The Japanese business success factors : 
245 0 |b How top management, product, money and people's creativity contribute to Japanese enterprise growth 
245 0 |c Ryuei Shimizu 
260 |a Tokyo 
260 |b Chikura Shobo 
260 |c 1989 
650 |a Industrial management 
650 |z Japan 
904 |i Trọng Hiếu 
980 |a Trung tâm Học liệu Trường Đại học Cần Thơ